| 000 | 00809nam a2200217 a 4500 | ||
|---|---|---|---|
| 003 | 0 | ||
| 005 | 20250317112907.0 | ||
| 008 | 080924s19uu xx 00 eng d | ||
| 050 |
_aPHS TS 1177 _b.Z9 2008 |
||
| 100 | _aZulueta, Thara Ashley S. | ||
| 245 |
_aComparative study on the use of banana fibers and rice straw for handmade paper production / _cThara Ashley S. Zulueta. |
||
| 260 |
_aLas PiƱas City, Philippines : _bSouthville International School and Colleges, _c2008. |
||
| 300 |
_a41 pages : _billustrations ; _c28 cm. |
||
| 504 | _aIncludes bibliographical references. | ||
| 650 |
_aPaper _xManufacture _vHand processes. |
||
| 650 |
_aFibers _xIndustrial applications. |
||
| 650 | _aHandmade paper. | ||
| 650 |
_aBanana _xBy-products. |
||
| 650 |
_aRice straw _xUtilization. |
||
| 942 |
_2lcc _cPASS |
||
| 999 |
_c98090 _d98090 |
||